[Event "TCh-TUR Super League 2023"]
[Site "Ankara TUR"]
[Date "2023.07.18"]
[Round "9.5"]
[Board "5"]
[White "Salimova, Nurgyul"]
[Black "Buksa, Nataliya"]
[Result "1/2-1/2"]
[WhiteTitle "IM"]
[BlackTitle "IM"]
[WhiteElo "2409"]
[BlackElo "2365"]
[WhiteTeam "DENIZ SU SATRANC GENCLIK VE"]
[BlackTeam "APAYDIN SATRANC VE"]
[WhiteFideId "2915138"]
[BlackFideId "14123622"]
[EventDate "2023.07.10"]

1. d4 Nf6 2. Nf3 d5 3. c4 e6 4. g3 Be7 5. Bg2 O-O 6. Nc3 c6 7. O-O a5 8. Re1
Nbd7 9. Nd2 e5 10. dxe5 Nxe5 11. cxd5 Nxd5 12. Nxd5 cxd5 13. Nf3 Nxf3+ 14. Bxf3
Be6 15. Be3 Bf6 16. Bd4 Rc8 17. b3 h6 18. Qd2 Bxd4 19. Qxd4 Rc2 20. Red1 Qc7 21.
Rd2 Rc5 22. Rad1 Rc8 23. h4 b5 24. Kg2 b4 25. e3 Rb5 26. Be2 Rc5 27. Bf3 Rb5 28.
g4 Qe7 29. Kg3 Rbc5 30. Qe5 f6 31. Qd4 Kf7 32. Kg2 Qc7 33. Qf4 Qxf4 34. exf4 Rd8
35. f5 Bc8 36. Kg3 Bb7 37. Kf4 Rd7 38. g5 hxg5+ 39. hxg5 fxg5+ 40. Kxg5 Ke7 41.
Rh1 Kd8 42. Kf4 Kc7 43. Bg4 d4 44. Rhd1 Rcd5 45. Bf3 R5d6 46. Bxb7 Kxb7 47. Rd3
Kc7 48. Ke4 Re7+ 49. Kf3 Re5 50. Rxd4 Rxf5+ 51. Ke2 Rdf6 52. Rc1+ Kb6 53. Rf1
Re5+ 54. Kd2 Rfe6 55. Kd3 g5 56. Rg1 Rf6 57. Rg2 Rf3+ 58. Kd2 Ref5 59. Rdg4
Rxf2+ 60. Rxf2 Rxf2+ 61. Kd3 Rf5 62. Ke4 Rc5 63. Rg2 Kc6 64. Rh2 Rc1 65. Rg2 Rc5
66. Rh2 Kb5 67. Rh8 Rc3 68. Rg8 Rg3 69. Rb8+ Kc6 70. Ra8 Kb6 71. Rb8+ Ka7 72.
Rg8 Rg2 73. Kd4 Kb6 74. Kc4 Rc2+ 75. Kd4 Rc5 76. Rg6+ Kb5 77. Rg8 Rf5 78. Ke4
Rf4+ 79. Ke5 Rg4 80. Kd5 Rg2 81. Rb8+ Ka6 82. Ra8+ Kb6 83. Rb8+ Kc7 84. Rg8 Kd7
85. Rg7+ Ke8 86. Ke6 Kf8 87. Rf7+ Kg8 88. Rf5 Rxa2 89. Rxg5+ Kf8 90. Kd6 Ra3 91.
Kc6 Ke7 92. Kb5 Kd6 93. Kc4 Ra1 94. Rh5 Ra2 95. Rg5 Rc2+ 96. Kd4 Ra2 97. Rg6+
Kd7 98. Kc4 Rc2+ 99. Kb5 Ra2 100. Ra6 Ra3 101. Rxa5 Rxb3 102. Ra4 Kd6 103. Rxb4
Rxb4+ 104. Kxb4 Ke5 1/2-1/2

[Event "TCh-TUR Super League 2023"]
[Site "Ankara TUR"]
[Date "2023.07.18"]
[Round "9.5"]
[Board "6"]
[White "Durak, Can"]
[Black "Erten, Kerem"]
[Result "1-0"]
[WhiteTitle "FM"]
[BlackTitle "CM"]
[WhiteElo "2310"]
[BlackElo "2287"]
[WhiteTeam "APAYDIN SATRANC VE"]
[BlackTeam "DENIZ SU SATRANC GENCLIK VE"]
[WhiteFideId "44552971"]
[BlackFideId "34588221"]
[EventDate "2023.07.10"]

1. d4 Nf6 2. c4 g6 3. Nc3 d5 4. cxd5 Nxd5 5. e4 Nxc3 6. bxc3 Bg7 7. Nf3 c5 8. h3
O-O 9. Be2 Nc6 10. Be3 cxd4 11. cxd4 Qa5+ 12. Bd2 Qa3 13. d5 Ne5 14. O-O Nxf3+
15. Bxf3 Re8 16. Rb1 Qxa2 17. Be2 a6 18. Rb6 Bd7 19. Rxb7 Ba4 20. Qe1 e6 21. Bc3
Bh6 22. Rb2 Qa3 23. dxe6 Rxe6 24. Bc4 Bb5 25. Bxe6 Bxf1 26. Bd5 Rc8 27. Rb3 Qd6
28. Qxf1 a5 29. Qa1 Qf4 30. Rb7 Rf8 31. Bxa5 1-0

[Event "TCh-TUR Super League 2023"]
[Site "Ankara TUR"]
[Date "2023.07.18"]
[Round "9.6"]
[Board "1"]
[White "Mamedyarov, Shakhriyar"]
[Black "Demchenko, Anton"]
[Result "1-0"]
[WhiteTitle "GM"]
[BlackTitle "GM"]
[WhiteElo "2742"]
[BlackElo "2623"]
[WhiteTeam "BAYEGAN PENDIK"]
[BlackTeam "HUKUKCU FENERBAHCELILER SPOR VE KULTUR K"]
[WhiteFideId "13401319"]
[BlackFideId "4160258"]
[EventDate "2023.07.10"]

1. Nf3 Nf6 2. c4 e6 3. e3 d5 4. b3 Be7 5. Bb2 O-O 6. Nc3 c5 7. cxd5 exd5 8. d4
Nc6 9. Be2 Ne4 10. O-O Bf6 11. Na4 cxd4 12. Nxd4 Bd7 13. Rc1 Nxd4 14. Bxd4 Bxa4
15. bxa4 Rc8 16. Rxc8 Qxc8 17. Bf3 b6 18. Bxe4 dxe4 19. Bxf6 gxf6 20. Qd6 Qe6
21. Qg3+ Kh8 22. Qc7 Qxa2 23. Qxa7 Qe6 24. Rb1 Rd8 25. h3 Kg7 26. Qc7 Rd6 27.
Rb5 h6 28. Kh2 Kh7 29. Rf5 Kg7 30. g4 Rd5 31. Rf4 Rc5 32. Qb7 Rc4 33. Qa8 Rb4
34. Kg2 Qc4 35. Qd8 Qe6 36. a5 bxa5 37. Qxa5 Rc4 38. Qa8 Rb4 39. Rf5 Rc4 40. Qd8
Rc6 41. Qa8 Rc8 42. Qa5 Qc6 43. Qd2 Qe6 44. Qd4 Rc6 45. Rf4 Rc1 46. Rxe4 Qc6 47.
Kg3 Rg1+ 48. Kh2 Rd1 49. Qxd1 Qxe4 50. Kg3 Qe5+ 51. Kg2 Qe4+ 52. Qf3 Qe5 53. Qf5
Qc7 54. Qf3 Qd6 55. Qe4 Qb8 56. Qd4 Qb5 57. Qf4 Qa5 58. Kg3 Qd5 59. Kh4 Qb5 60.
Qf5 Qf1 61. e4 Qg2 62. Qf4 Kg6 63. Qe3 Qh2 64. f4 Kg7 65. Kh5 Qh1 66. f5 Kg8 67.
Kxh6 Qh2 68. e5 1-0

[Event "TCh-TUR Super League 2023"]
[Site "Ankara TUR"]
[Date "2023.07.18"]
[Round "9.6"]
[Board "2"]
[White "Ahmadzada, Ahmad"]
[Black "Korobov, Anton"]
[Result "1/2-1/2"]
[WhiteTitle "IM"]
[BlackTitle "GM"]
[WhiteElo "2503"]
[BlackElo "2667"]
[WhiteTeam "HUKUKCU FENERBAHCELILER SPOR VE KULTUR K"]
[BlackTeam "BAYEGAN PENDIK"]
[WhiteFideId "13413007"]
[BlackFideId "14105730"]
[EventDate "2023.07.10"]

1. e4 c5 2. Nf3 e6 3. d4 cxd4 4. Nxd4 Nc6 5. Nc3 Qc7 6. g3 a6 7. Bg2 d6 8. O-O
Bd7 9. Re1 Be7 10. Nxc6 Bxc6 11. Bf4 Rd8 12. Qe2 Nf6 13. Rad1 O-O 14. Nd5 Nxd5
15. exd5 Bb5 16. c4 Bxc4 17. Rc1 Rc8 18. Qg4 f5 19. Qd1 e5 20. Bxe5 dxe5 21. d6
Qxd6 22. Rxc4 e4 23. Rxc8 Rxc8 24. Qb3+ Kf8 25. Rd1 Qc6 26. Bf1 g6 27. a4 Rc7
28. Rd2 Kg7 29. h4 f4 30. gxf4 Bxh4 31. Qh3 Be7 32. b3 Qf6 33. Qe3 Bd6 34. Qxe4
Bxf4 35. Rd5 Re7 36. Qd4 Be5 37. Qd2 Qf5 38. Bg2 h5 39. Qd3 Qc8 40. Bh3 Qc1+ 41.
Kg2 Qg5+ 42. Kf1 Kh6 43. Qd2 Qxd2 44. Rxd2 Rc7 45. Rd7 Rc3 46. Be6 b6 47. Bc4 h4
48. Rd3 Rc1+ 49. Kg2 a5 50. Re3 Bf4 51. Rd3 g5 52. Be6 Kg6 53. Bg4 Kf6 54. Rd5
Be5 55. Rb5 Bd4 56. Rd5 Bc5 57. Rf5+ Kg6 58. Rf3 Re1 59. Kh2 Re5 60. Kg2 Rd5 61.
Kh3 Rd4 62. Be6 Bd6 63. Bg4 Bf4 64. Rc3 Rd6 65. Kg2 Kf6 66. Rc7 Be5 67. Rd7 Rc6
68. Rd5 1/2-1/2

[Event "TCh-TUR Super League 2023"]
[Site "Ankara TUR"]
[Date "2023.07.18"]
[Round "9.6"]
[Board "3"]
[White "Ali Marandi, Cemil Can"]
[Black "Annaberdiyev, Meylis"]
[Result "1/2-1/2"]
[WhiteTitle "GM"]
[BlackTitle "GM"]
[WhiteElo "2568"]
[BlackElo "2496"]
[WhiteTeam "BAYEGAN PENDIK"]
[BlackTeam "HUKUKCU FENERBAHCELILER SPOR VE KULTUR K"]
[WhiteFideId "6300529"]
[BlackFideId "14000563"]
[EventDate "2023.07.10"]

1. d4 d5 2. Nc3 Nf6 3. Bf4 e6 4. Nb5 Na6 5. e3 Be7 6. h4 Ne4 7. Bd3 Bd7 8. Ne2
Nd6 9. Nbc3 Nb4 10. h5 Rc8 11. Ng3 Nxd3+ 12. cxd3 O-O 13. O-O Nb5 14. Qb3 Nxc3
15. bxc3 b6 16. e4 c5 17. exd5 cxd4 18. cxd4 exd5 19. Be5 Bg5 20. Rae1 h6 21.
Qxd5 Be6 22. Qf3 Bd5 23. Qg4 Be6 24. Qf3 Bd5 25. Qe2 f5 26. f4 Bh4 27. Kh2 Qd7
28. Rc1 Qf7 29. a3 Kh7 30. Rfe1 Rfe8 31. Kh3 1/2-1/2

[Event "TCh-TUR Super League 2023"]
[Site "Ankara TUR"]
[Date "2023.07.18"]
[Round "9.6"]
[Board "4"]
[White "Ozer, Omer Faruk"]
[Black "Solak, Dragan"]
[Result "0-1"]
[WhiteTitle "IM"]
[BlackTitle "GM"]
[WhiteElo "2333"]
[BlackElo "2586"]
[WhiteTeam "HUKUKCU FENERBAHCELILER SPOR VE KULTUR K"]
[BlackTeam "BAYEGAN PENDIK"]
[WhiteFideId "6354564"]
[BlackFideId "916811"]
[EventDate "2023.07.10"]

1. d4 Nf6 2. Nf3 g6 3. Bg5 Bg7 4. Nbd2 d5 5. e3 O-O 6. Be2 c5 7. c3 Nbd7 8. O-O
b6 9. b4 h6 10. Bh4 g5 11. Bg3 Nh5 12. Qa4 Nxg3 13. hxg3 Qc7 14. bxc5 bxc5 15.
Rab1 c4 16. e4 e6 17. Ne1 Nb6 18. Qa5 Rd8 19. e5 Bd7 20. f4 f5 21. g4 fxg4 22.
fxg5 h5 23. Nc2 Be8 24. Nb4 Bg6 25. Rb2 Bf5 26. Bd1 Rf8 27. Bc2 Bxc2 28. Nxc2
Qe7 29. Rf6 Bxf6 30. gxf6 Qh7 31. Nf1 Qd7 32. Qa3 Kf7 33. Rb4 Rh8 34. Qb2 Rab8
35. Qb1 Qc7 36. Nce3 Nd7 37. g3 Rxb4 38. Qxb4 Nf8 39. Qb1 Ng6 40. Ng2 Qb6 41.
Qe1 Qb2 42. Qe3 Qxa2 43. Qg5 Rh7 44. Qc1 a5 45. Nfe3 a4 46. Nc2 Qb3 47. Na3 h4
48. Ne3 hxg3 49. Nxg4 Nf4 50. Qxf4 Qd1+ 51. Kg2 Qh1+ 52. Kxg3 Qg1+ 53. Kf3 Qf1+ 0-1

[Event "TCh-TUR Super League 2023"]
[Site "Ankara TUR"]
[Date "2023.07.18"]
[Round "9.6"]
[Board "5"]
[White "Atalik, Ekaterina"]
[Black "Caglar, Sila"]
[Result "1-0"]
[WhiteTitle "IM"]
[BlackTitle "WIM"]
[WhiteElo "2407"]
[BlackElo "2235"]
[WhiteTeam "BAYEGAN PENDIK"]
[BlackTeam "HUKUKCU FENERBAHCELILER SPOR VE KULTUR K"]
[WhiteFideId "4130189"]
[BlackFideId "6364063"]
[EventDate "2023.07.10"]

1. Nf3 c5 2. c4 Nf6 3. g3 e6 4. Bg2 Be7 5. O-O O-O 6. Nc3 Nc6 7. d4 cxd4 8. Nxd4
Nxd4 9. Qxd4 d6 10. b3 a6 11. Bb2 Qa5 12. Na4 Rb8 13. Nb6 Qh5 14. Bf3 Qh6 15.
Rfd1 e5 16. Qd2 Qxd2 17. Rxd2 Be6 18. Rad1 Rfd8 19. a4 Ne8 20. Bc3 f5 21. Ba5 e4
22. Bg2 Bg5 23. e3 Kf7 24. h4 Bf6 25. Nd5 Rd7 26. Nxf6 Nxf6 27. Bf1 d5 28. c5 d4
29. Rxd4 Rxd4 30. exd4 Bxb3 31. Rb1 Bd5 32. Rb6 Re8 33. Bd2 Re6 34. Rb1 Ng4 35.
Be3 h6 36. Be2 Nf6 37. a5 Ke8 38. Kf1 Kd8 39. Ke1 Kc8 40. Kd2 Rc6 41. Bf4 Ng4
42. Bxg4 fxg4 43. Bd6 Kd8 44. Ke3 Rc8 45. Kf4 Kd7 46. Kxg4 Re8 47. h5 e3 48.
fxe3 Rxe3 49. Be5 Ke6 50. Bxg7 Re4+ 51. Kh3 Kf7 52. Bxh6 Rxd4 53. Rf1+ Kg8 54.
Rf8+ Kh7 55. Bf4 Be6+ 56. Kh4 Rd5 57. Rf6 Bc8 58. Rf7+ Kg8 59. Rc7 1-0

[Event "TCh-TUR Super League 2023"]
[Site "Ankara TUR"]
[Date "2023.07.18"]
[Round "9.6"]
[Board "6"]
[White "Gokcek, Kursat Bugra"]
[Black "Nihal, Sarin"]
[Result "0-1"]
[WhiteTitle "CM"]
[BlackTitle "GM"]
[WhiteElo "2160"]
[BlackElo "2688"]
[WhiteTeam "HUKUKCU FENERBAHCELILER SPOR VE KULTUR K"]
[BlackTeam "BAYEGAN PENDIK"]
[WhiteFideId "34507833"]
[BlackFideId "25092340"]
[EventDate "2023.07.10"]

1. e4 c6 2. d4 d5 3. Nc3 dxe4 4. Nxe4 Nd7 5. Nf3 Ngf6 6. Neg5 h6 7. Nh3 e6 8.
Bd3 Bd6 9. Bf4 Qc7 10. Qd2 g5 11. Bxd6 Qxd6 12. Nhg1 g4 13. Nh4 Qxd4 14. O-O-O
Qd5 15. f4 Qxa2 16. Qc3 Rg8 17. Ne2 Nd5 18. Qa3 Qxa3 19. bxa3 Nc5 20. Rhe1 f5
21. g3 Bd7 22. Kd2 Kf7 23. Nc3 Rad8 24. Ng2 Bc8 25. Ne3 Nxd3 26. cxd3 Nxe3 27.
Kxe3 b6 28. d4 Rd6 29. Rd2 Ba6 30. Rh1 Rgd8 31. Rhd1 Bc4 32. a4 h5 33. Rb1 Ke7
34. Rbd1 R6d7 35. a5 bxa5 36. Na4 Bb3 37. Nc5 Bxd1 38. Nxd7 Rxd7 39. Rxd1 c5 0-1

[Event "TCh-TUR Super League 2023"]
[Site "Ankara TUR"]
[Date "2023.07.19"]
[Round "10.1"]
[Board "1"]
[White "Sychev, Klementy"]
[Black "Demchenko, Anton"]
[Result "1/2-1/2"]
[WhiteTitle "GM"]
[BlackTitle "GM"]
[WhiteElo "2540"]
[BlackElo "2623"]
[WhiteTeam "TAS DUVAR"]
[BlackTeam "HUKUKCU FENERBAHCELILER SPOR VE KULTUR K"]
[WhiteFideId "4114060"]
[BlackFideId "4160258"]
[EventDate "2023.07.10"]

1. e4 c5 2. Nf3 d6 3. Bb5+ Nd7 4. O-O a6 5. Bxd7+ Bxd7 6. c3 Nf6 7. Re1 e6 8. d4
Be7 9. e5 dxe5 10. dxe5 Nd5 11. Nbd2 b5 12. Ne4 O-O 13. Bg5 h6 14. Bxe7 Qxe7 15.
Qd2 Bc6 16. Rad1 Rad8 17. Qe2 Nf4 18. Qe3 Bxe4 19. Qxe4 Rxd1 20. Rxd1 Rd8 21.
Rxd8+ Qxd8 22. h4 Nd3 23. Qc6 Nxb2 24. Qxa6 Qb8 25. h5 Qe8 26. Nd2 Qd8 27. Nf3
Qb8 28. Qc6 Nd3 29. g3 b4 30. cxb4 cxb4 31. Qd7 Nc5 32. Qc6 Nd3 33. Qd7 Nc5 34.
Qc6 Nd3 1/2-1/2

[Event "TCh-TUR Super League 2023"]
[Site "Ankara TUR"]
[Date "2023.07.19"]
[Round "10.1"]
[Board "3"]
[White "Samani, Yamac"]
[Black "Annaberdiyev, Meylis"]
[Result "1-0"]
[WhiteTitle "FM"]
[BlackTitle "GM"]
[WhiteElo "2375"]
[BlackElo "2496"]
[WhiteTeam "TAS DUVAR"]
[BlackTeam "HUKUKCU FENERBAHCELILER SPOR VE KULTUR K"]
[WhiteFideId "6352634"]
[BlackFideId "14000563"]
[EventDate "2023.07.10"]

1. e4 c5 2. Nf3 Nc6 3. Bb5 d6 4. O-O Bd7 5. Re1 Nf6 6. c3 a6 7. Bf1 Bg4 8. h3
Bxf3 9. Qxf3 g6 10. d3 Bg7 11. Be3 Nd7 12. Nd2 b5 13. Qd1 b4 14. Qa4 Qc7 15.
Rec1 Nb6 16. Qd1 Qb7 17. a3 bxc3 18. bxc3 O-O 19. Rab1 Qa7 20. d4 Nd7 21. Nf3
Qc7 22. Qa4 Rfc8 23. Bc4 e6 24. d5 exd5 25. Bxd5 Nf6 26. Ba2 Re8 27. Nd2 Ne5 28.
Rd1 h6 29. Bf4 Ra7 30. f3 Nfd7 31. Nc4 Nxc4 32. Bxc4 Bf8 33. Rd2 g5 34. Bg3 Raa8
35. Rdb2 Ra7 36. Bd5 Nf6 37. Rb7 Nxd5 38. Rxc7 Nxc7 39. Qc6 Rd8 40. Qb6 Rda8 41.
Bxd6 Ne6 42. Bxf8 Kxf8 43. Rd1 Re7 44. Rd5 Kg7 45. h4 Raa7 46. hxg5 hxg5 47. Qd6
a5 48. Rf5 Rad7 49. Qe5+ Kg8 50. Rf6 Kh7 51. Kh2 a4 52. Qf5+ Kg7 53. Kg3 c4 54.
Rxf7+ Rxf7 55. Qxe6 g4 56. Kxg4 Kf8 57. Qxc4 Rg7+ 58. Kh3 Rd1 59. g4 Rf7 60. Kg3
Rg1+ 61. Kf2 Rd1 62. Qxa4 Rd3 63. Qa8+ Kg7 64. e5 Rxc3 65. a4 Rc4 66. e6 Re7 67.
Qd5 Rcc7 68. f4 Rb7 69. Qe5+ Kg8 70. f5 Rec7 71. f6 Rc2+ 72. Kg3 Rc3+ 1-0

[Event "TCh-TUR Super League 2023"]
[Site "Ankara TUR"]
[Date "2023.07.19"]
[Round "10.1"]
[Board "4"]
[White "Dogan, Nazmi Can"]
[Black "Selbes, Tarik"]
[Result "1/2-1/2"]
[WhiteTitle "FM"]
[BlackTitle "FM"]
[WhiteElo "2285"]
[BlackElo "2245"]
[WhiteTeam "HUKUKCU FENERBAHCELILER SPOR VE KULTUR K"]
[BlackTeam "TAS DUVAR"]
[WhiteFideId "6309658"]
[BlackFideId "6302513"]
[EventDate "2023.07.10"]

1. d4 Nf6 2. Nf3 e6 3. Bf4 c5 4. e3 b6 5. Nc3 cxd4 6. exd4 Bb4 7. Bd3 Bb7 8. O-O
a6 9. Qe2 O-O 10. Ne4 Nxe4 11. Bxe4 Bxe4 12. Qxe4 d5 13. Qd3 Be7 14. Ne5 Bf6 15.
Rfe1 Nd7 16. Re3 Bxe5 17. Bxe5 Nxe5 18. Rxe5 Qf6 19. Rae1 Rfc8 20. c3 b5 21. a3
Rab8 22. Qg3 a5 23. f4 b4 24. axb4 axb4 25. f5 bxc3 26. bxc3 exf5 27. Rxd5 f4
28. Qf3 g6 29. Rde5 Rb3 30. Re8+ Rxe8 31. Rxe8+ Kg7 32. h3 h5 33. Re4 h4 34.
Qxf4 Qxf4 35. Rxf4 Rxc3 36. Rxh4 f5 37. Rf4 Kf6 1/2-1/2

[Event "TCh-TUR Super League 2023"]
[Site "Ankara TUR"]
[Date "2023.07.19"]
[Round "10.1"]
[Board "5"]
[White "Nurmanova, Alua"]
[Black "Caglar, Sila"]
[Result "1-0"]
[WhiteTitle "WIM"]
[BlackTitle "WIM"]
[WhiteElo "2183"]
[BlackElo "2235"]
[WhiteTeam "TAS DUVAR"]
[BlackTeam "HUKUKCU FENERBAHCELILER SPOR VE KULTUR K"]
[WhiteFideId "13729390"]
[BlackFideId "6364063"]
[EventDate "2023.07.10"]

1. e4 c5 2. Nf3 Nc6 3. d4 cxd4 4. Nxd4 g6 5. c4 Bg7 6. Be3 Qb6 7. Nb3 Qd8 8. Qd2
Nf6 9. f3 d6 10. Nc3 O-O 11. Be2 Nh5 12. O-O f5 13. exf5 gxf5 14. Rad1 Be6 15.
Nd5 Rc8 16. Rfe1 Bf7 17. Bg5 Re8 18. f4 Qd7 19. Kh1 e6 20. Nc3 b6 21. Bf3 e5 22.
Nb5 e4 23. Be2 h6 24. Bh4 Bf8 25. Bf1 a6 26. Nc3 Ne7 27. Bf2 Ng6 28. Nd5 Bxd5
29. Qxd5+ Kh7 30. g3 Nf6 31. Qd2 Qc6 32. Be3 Ng4 33. Nd4 Qd7 34. b3 h5 35. Be2
Qf7 36. h3 Nxe3 37. Qxe3 h4 38. g4 fxg4 39. Bxg4 Rc5 40. f5 Ne5 41. Ne6 Bh6 42.
Qxe4 Nxg4 43. hxg4 Re5 44. Qg2 R8xe6 45. fxe6 Qxe6 46. Rxe5 Qxe5 47. Rf1 Bg7 48.
Qf3 Kh8 49. Kg2 b5 50. Kh3 bxc4 51. bxc4 Qe6 52. Rb1 Bf6 53. Rb3 Kg7 54. Qd5 Qe1
55. Rb7+ Be7 56. Qg5+ Kh8 57. Qh6+ Kg8 58. Qg6+ 1-0

[Event "TCh-TUR Super League 2023"]
[Site "Ankara TUR"]
[Date "2023.07.19"]
[Round "10.1"]
[Board "6"]
[White "Gokcek, Kursat Bugra"]
[Black "Tarlabasi, Emirhan"]
[Result "1/2-1/2"]
[WhiteTitle "CM"]
[BlackTitle "FM"]
[WhiteElo "2160"]
[BlackElo "2301"]
[WhiteTeam "HUKUKCU FENERBAHCELILER SPOR VE KULTUR K"]
[BlackTeam "TAS DUVAR"]
[WhiteFideId "34507833"]
[BlackFideId "6350275"]
[EventDate "2023.07.10"]

1. e4 e6 2. d4 d5 3. exd5 exd5 4. Nf3 Nf6 5. Bd3 c5 6. O-O c4 7. Re1+ Be7 8. Bf1
O-O 9. b3 cxb3 10. axb3 Nc6 11. Ne5 Bf5 12. Bg5 h6 13. Bh4 g5 14. Bg3 Ne4 15.
Nxc6 bxc6 16. Bd3 Bg6 17. Be5 Bb4 18. c3 Bd6 19. f3 Bxe5 20. fxe4 dxe4 21. Bxe4
Qd6 22. dxe5 Qxd1 23. Rxd1 Bxe4 24. Rd6 Rfe8 25. Nd2 Rxe5 26. Re1 Rae8 27. Rxe4
Rxe4 28. Nxe4 Rxe4 29. Rxh6 Re2 30. Rxc6 Kg7 31. h3 Ra2 32. b4 f6 33. Kh2 Kg6
34. Kg3 a5 1/2-1/2

[Event "TCh-TUR Super League 2023"]
[Site "Ankara TUR"]
[Date "2023.07.19"]
[Round "10.2"]
[Board "1"]
[White "Mamedov, Rauf"]
[Black "Nihal, Sarin"]
[Result "1/2-1/2"]
[WhiteTitle "GM"]
[BlackTitle "GM"]
[WhiteElo "2636"]
[BlackElo "2688"]
[WhiteTeam "APAYDIN SATRANC VE"]
[BlackTeam "BAYEGAN PENDIK"]
[WhiteFideId "13401653"]
[BlackFideId "25092340"]
[EventDate "2023.07.10"]

1. e4 c5 2. c3 d5 3. exd5 Qxd5 4. d4 Nc6 5. Nf3 Bf5 6. Be3 cxd4 7. cxd4 Bxb1 8.
Rxb1 e6 9. a3 Nf6 10. Bd3 Bd6 11. O-O O-O 12. Rc1 Rfd8 13. h3 Bc7 14. Qe2 Bb6
15. Rfd1 h6 16. Bc4 Qd6 17. d5 exd5 18. Bxb6 axb6 19. Ba2 Ra5 20. Rc3 Re8 21.
Re3 Raa8 22. Qd2 Rxe3 23. Qxe3 b5 24. Qb6 b4 25. Qxb7 Rb8 26. Qa6 Qc5 27. Qe2
bxa3 28. bxa3 Ra8 1/2-1/2

[Event "TCh-TUR Super League 2023"]
[Site "Ankara TUR"]
[Date "2023.07.19"]
[Round "10.2"]
[Board "2"]
[White "Mamedyarov, Shakhriyar"]
[Black "Safarli, Eltaj"]
[Result "1-0"]
[WhiteTitle "GM"]
[BlackTitle "GM"]
[WhiteElo "2742"]
[BlackElo "2607"]
[WhiteTeam "BAYEGAN PENDIK"]
[BlackTeam "APAYDIN SATRANC VE"]
[WhiteFideId "13401319"]
[BlackFideId "13402129"]
[EventDate "2023.07.10"]

1. c4 c5 2. Nf3 Nf6 3. Nc3 e6 4. g3 d5 5. cxd5 exd5 6. d4 Nc6 7. Bg2 cxd4 8.
Nxd4 Bc5 9. Be3 Qb6 10. Na4 Qb4+ 11. Bd2 Qxd4 12. e3 Qe5 13. Nxc5 Qxb2 14. O-O
O-O 15. Nd3 Qb6 16. Nf4 d4 17. exd4 Qxd4 18. Qc1 Rd8 19. Bc3 Qd6 20. Qb2 Rb8 21.
a4 Bf5 22. Rfe1 h6 23. a5 Re8 24. Red1 Qe7 25. Rac1 Bg4 26. Rd3 Bf5 27. Re3 Qd6
28. Rxe8+ Nxe8 29. h3 Nf6 30. Bxf6 Qxf6 31. Qxf6 gxf6 32. a6 Nd8 33. g4 Bh7 34.
axb7 Nxb7 35. Bxb7 Rxb7 36. Rc8+ Kg7 37. Nh5+ Kg6 38. f4 Rb5 39. Rc6 Bg8 40. Kh2
a5 1-0

[Event "TCh-TUR Super League 2023"]
[Site "Ankara TUR"]
[Date "2023.07.19"]
[Round "10.2"]
[Board "3"]
[White "Akbas, Umut Ata"]
[Black "Ali Marandi, Cemil Can"]
[Result "1-0"]
[WhiteTitle "IM"]
[BlackTitle "GM"]
[WhiteElo "2401"]
[BlackElo "2568"]
[WhiteTeam "APAYDIN SATRANC VE"]
[BlackTeam "BAYEGAN PENDIK"]
[WhiteFideId "44572646"]
[BlackFideId "6300529"]
[EventDate "2023.07.10"]

1. d4 d5 2. c4 c6 3. Nf3 Nf6 4. Nc3 e6 5. Bg5 Nbd7 6. e3 Be7 7. Qc2 h6 8. Bh4
O-O 9. Rd1 a6 10. a3 b5 11. c5 Nh5 12. Bxe7 Qxe7 13. Ne5 Nxe5 14. dxe5 g6 15.
Ne2 f6 16. g4 Ng7 17. Nf4 fxe5 18. Nxg6 Qf6 19. Nxf8 Kxf8 20. Qc3 Ra7 21. Be2 h5
22. h3 Rf7 23. Rf1 hxg4 24. hxg4 Qg5 25. f3 Ne8 26. Rh1 Nf6 27. Rh8+ Kg7 28. f4
exf4 29. Rh5 Qg6 30. g5 f3 31. Bxf3 a5 32. Qe5 1-0

[Event "TCh-TUR Super League 2023"]
[Site "Ankara TUR"]
[Date "2023.07.19"]
[Round "10.2"]
[Board "4"]
[White "Solak, Dragan"]
[Black "Agdelen, Huseyin Can"]
[Result "1-0"]
[WhiteTitle "GM"]
[BlackTitle "FM"]
[WhiteElo "2586"]
[BlackElo "2404"]
[WhiteTeam "BAYEGAN PENDIK"]
[BlackTeam "APAYDIN SATRANC VE"]
[WhiteFideId "916811"]
[BlackFideId "6352260"]
[EventDate "2023.07.10"]

1. e4 e5 2. Nf3 Nc6 3. Bb5 a6 4. Bxc6 dxc6 5. O-O Bg4 6. h3 h5 7. d3 Qf6 8. Nbd2
g5 9. hxg4 hxg4 10. Re1 Bc5 11. Nb3 gxf3 12. Qxf3 Qxf3 13. gxf3 Be7 14. Be3 f6
15. Kg2 Kf7 16. d4 Nh6 17. Rh1 b6 18. Nc1 Kg6 19. Ne2 Rad8 20. Rad1 Bd6 21. c3
Nf7 22. Rxh8 Rxh8 23. Ng3 Nh6 24. dxe5 fxe5 25. Kf1 Rd8 26. Ke2 Be7 27. Rg1 Rd7
28. Nf1 Bf6 29. f4 exf4 30. Bxf4 Nf7 31. Nd2 Re7 32. Be3 Nd6 33. Kd3 Rd7 34. f4
Nf5+ 35. Ke2 Nxe3 36. Kxe3 Kh5 1-0

[Event "TCh-TUR Super League 2023"]
[Site "Ankara TUR"]
[Date "2023.07.19"]
[Round "10.2"]
[Board "5"]
[White "Buksa, Nataliya"]
[Black "Atalik, Ekaterina"]
[Result "0-1"]
[WhiteTitle "IM"]
[BlackTitle "IM"]
[WhiteElo "2365"]
[BlackElo "2407"]
[WhiteTeam "APAYDIN SATRANC VE"]
[BlackTeam "BAYEGAN PENDIK"]
[WhiteFideId "14123622"]
[BlackFideId "4130189"]
[EventDate "2023.07.10"]

1. e4 e5 2. Nf3 Nc6 3. Bc4 Nf6 4. Ng5 d5 5. exd5 Na5 6. Bb5+ c6 7. dxc6 bxc6 8.
Bd3 Nd5 9. Nf3 Bd6 10. Nc3 O-O 11. Be2 Nf4 12. O-O Bg4 13. d3 Nxe2+ 14. Qxe2 f5
15. h3 Bh5 16. g4 fxg4 17. Ng5 Qd7 18. Nce4 g6 19. Ng3 e4 20. Bd2 e3 21. Bxe3
Bxg3 22. fxg3 gxh3 23. Qd2 Qg4 24. Ne4 Nc4 25. dxc4 Qxe4 26. Bh6 Be2 0-1

[Event "TCh-TUR Super League 2023"]
[Site "Ankara TUR"]
[Date "2023.07.19"]
[Round "10.2"]
[Board "6"]
[White "Murzin, Volodar"]
[Black "Taspinar, Yanki"]
[Result "1-0"]
[WhiteTitle "GM"]
[BlackTitle "FM"]
[WhiteElo "2623"]
[BlackElo "2302"]
[WhiteTeam "BAYEGAN PENDIK"]
[BlackTeam "APAYDIN SATRANC VE"]
[WhiteFideId "44155573"]
[BlackFideId "34561188"]
[EventDate "2023.07.10"]

1. e4 e5 2. Nf3 Nc6 3. Bb5 g6 4. c3 a6 5. Bxc6 dxc6 6. d4 exd4 7. cxd4 Bg7 8. h3
Ne7 9. Nc3 Qd6 10. O-O h6 11. b3 O-O 12. a4 Re8 13. Ba3 Qd8 14. Re1 g5 15. e5
Bf5 16. Ne4 Qd5 17. Ng3 Bg6 18. e6 1-0